000 01217cam a2200277 4500
008 000000n2002 000 0 eng u
020 _a063205512X
035 _a(Sirsi) u109828
050 _a343.41078624
100 _aReynolds, M.
245 4 _aThe expert witness in construction disputes
250 _a3rd ed.
260 _aOxford
_bBlackwell Science
_c2002
300 _axvi,217p.
_c26cm.
350 _a45.00
520 _aThis third edition of "The expert witness and his evidence" outlines the duties of the expert witness at every stage of a construction dispute, taking into account the introduction of the Civil Procedure Rules and offering guidance on the investigation, preparation and exchange of expert reports and the giving of evidence.
650 _aMANAGEMENT-DISPUTE AVOIDANCE, MANAGEMENT AND RESOLUTION-DISPUTE MANAGEMENT AND RESOLUTION-ARBITRATION
650 _aCIVIL PROCEDURE RULES
650 _aCONSTRUCTION DISPUTES
650 _aCONSTRUCTION INDUSTRY
650 _aEVIDENCE
650 _aEXPERT REPORTS
650 _aEXPERT WITNESSES
690 _aMANAGEMENT-DISPUTE AVOIDANCE, MANAGEMENT AND RESOLUTION-DISPUTE MANAGEMENT AND RESOLUTION-EXPERT WITNESSES
942 _n0
999 _c100999
_d100999